000 00462nam a2200157 i 4500
001 35936
003 ES-MaACL
005 20230906155241.0
007 t|
008 030214s1939 gw ||||1| ger d
100 1 _aBroeger, Karl.
_931865
245 1 0 _aBunker 17 geschichte einer kamerades chaft /
_cKarl Broeger.
260 _aJena :
_bDiederichs,
_c[1939] (
_eLeipzig :
_fDreich de Spamer)
300 _a86 p. ;
_c18 cm.
852 _aES-MaACL
_jF-15619
_bR.19196
999 _c35936
_d35936